Professionalism and Research in Library and Information Science/ (Record no. 63461)

MARC details
000 -LEADER
fixed length control field 00606nam a22001457a 4500
005 - DATE AND TIME OF LATEST TRANSACTION
control field 20180823115048.0
020 ## - INTERNATIONAL STANDARD BOOK NUMBER
International Standard Book Number 817000246
Terms of availability 475.00
035 ## - SYSTEM CONTROL NUMBER
System control number B-31081, B-031083
037 ## - SOURCE OF ACQUISITION
Stock number DPL
Source of stock number/acquisition ENG
100 ## - MAIN ENTRY--PERSONAL NAME
Personal name Lahiri,Ramansu
245 ## - TITLE STATEMENT
Title Professionalism and Research in Library and Information Science/
Statement of responsibility, etc by Ramansu Lahiri
260 ## - PUBLICATION, DISTRIBUTION, ETC. (IMPRINT)
Place of publication, distribution, etc New Delhi
Name of publisher, distributor, etc Ess Ess Publications
Date of publication, distribution, etc 1999
300 ## - PHYSICAL DESCRIPTION
Extent 210p.
Dimensions 23 cms.
942 ## - ADDED ENTRY ELEMENTS (KOHA)
Source of classification or shelving scheme Dewey Decimal Classification
Item type English Books
Classification part 025.52
Call number suffix LAH
Holdings
Withdrawn status Lost status Not for loan Collection code Home library Current library Date acquired Full call number Barcode Cost, replacement price Koha item type Source of acquisition Cost, normal purchase price
      Non-fiction Sarojini Nagar Sarojini Nagar 27/02/2012 025.52 LAH B-31081 475.00 English Books    
      Non-fiction Shahdara Branch Shahdara Branch 23/08/2018 025.52 LAH B-031083 475.00 English Books BPPD/PUB 475.00

© Delhi Public Library
Hit Counter
free hit counter